000 00530nam a2200169 4500
001 111680
003 ES-MaACL
005 20230906185337.0
007 t|
008 061121s1978 sp r ||||1| spa d
245 0 0 _aNarrativa y crítica de nuestra América /
_cJaime Alazraki...[et al.] ; compilación e introducción de Joaquín Roy.
260 _aMadrid :
_bCastalia,
_c1978.
300 _a414 p. ;
_c19 cm.
700 1 _aAlazraki, Jaime.
_919181
700 1 _aRoy, Joaquín.
_9100202
852 _aES-MaACL
_jA-9323
_bR.98512
999 _c111680
_d111680